Fifa 22 Player Overall 85+ - Statistiken

Allgemein
  • Dieses Quiz wurde 60 mal gespielt
  • Das Durchschnittsergebnis liegt bei 80 aus 93
Antwortstatistiken
Overall Verein Position Nationalität Alter Antwort % Korrekt
89 FC Liverpool GK Brasilien 28 Alisson
100%
91 Manchester United ST Portugal 36 Cristiano Ronaldo
100%
89 Manchester City GK Brasilien 27 Ederson
100%
89 Tottenham Hotspur ST England 27 Harry Kane
100%
89 Atletico Madrid GK Slowenien 28 Jan Oblak
100%
89 FC Bayern München CDM Deutschland 26 Joshua Kimmich
100%
91 Real Madrid CF Frankreich 33 Karim Benzema
100%
91 Manchester City CM Belgien 30 Kevin de Bruyne
100%
91 Paris Saint-Germain ST Frankreich 22 Kylian Mbappe
100%
92 Paris Saint-Germain RW Argentinien 34 Lionel Messi
100%
90 FC Bayern München GK Deutschland 35 Manuel Neuer
100%
91 FC Liverpool RW Ägypten 29 Mohamed Salah
100%
92 FC Bayern München ST Polen 32 Robert Lewandowski
100%
87 Manchester United CAM Portugal 26 Bruno Fernandes
98%
88 Borussia Dortmund ST Norwegen 20 Erling Haaland
98%
88 Paris Saint-Germain GK Italien 22 Gianluigi Donnarumma
98%
89 Tottenham Hotspur LW Südkorea 28 Heung Min Son
98%
88 Paris Saint-Germain GK Costa Rica 34 Keylor Navas
98%
88 Real Madrid CM Kroatien 35 Luka Modric
98%
88 FC Barcelona GK Deutschland 29 Marc-Andre ter Stegen
98%
90 FC Chelsea CDM Frankreich 30 N'Golo Kante
98%
89 FC Liverpool LW Senegal 29 Sadio Mane
98%
87 FC Bayern München CAM Deutschland 31 Thomas Müller
98%
88 Real Madrid CM Deutschland 31 Toni Kroos
98%
87 FC Liverpool RB England 22 Trent Alexander-Arnold
98%
90 FC Liverpool CB Niederlande 29 Virgil van Dijk
98%
87 FC Liverpool LB Schottland 27 Andrew Robertson
96%
87 FC Barcelona CM Niederlande 24 Frenkie de Jong
96%
87 Tottenham Hotspur GK Frankreich 34 Hugo Lloris
96%
90 Paris Saint-Germain LW Brasilien 29 Neymar
96%
87 Manchester City CDM Spanien 25 Rodri
96%
87 Manchester United GK Spanien 30 David de Gea
94%
86 FC Bayern München LM Deutschland 25 Leroy Sane
94%
86 FC Chelsea CB Brasilien 36 Thiago Silva
94%
89 Real Madrid GK Belgien 29 Thibaut Courtois
94%
85 Paris Saint-Germain RB Marokko 22 Achraf Hakimi
92%
87 Manchester City CAM Portugal 26 Bernardo Silva
92%
88 FC Bayern München CM Deutschland 26 Leon Goretzka
92%
87 Paris Saint-Germain CM Italien 28 Marco Verratti
92%
87 Juventus Turin CF Argentinien 27 Paulo Dybala
92%
87 Manchester City LW England 26 Raheem Sterling
92%
86 FC Chelsea CB Deutschland 28 Antonio Rüdiger
90%
89 Real Madrid CDM Brasilien 29 Casemiro
90%
88 Manchester City CB Portugal 24 Ruben Dias
90%
86 Lazio Rom ST Italien 31 Ciro Immobile
88%
86 Leicester City ST England 34 Jamie Vardy
88%
86 Atletico Madrid ST Uruguay 34 Luis Suarez
88%
88 Paris Saint-Germain CB Brasilien 27 Marquinhos
88%
86 FC Chelsea ST Belgien 28 Romelu Lukaku
88%
86 RB Leipzig CAM Frankreich 23 Christopher Nkunku
86%
86 Manchester City RW Algerien 30 Riyad Mahrez
86%
85 FC Bayern München RM Deutschland 25 Serge Gnabry
86%
85 Real Madrid CB Österreich 29 David Alaba
84%
85 Manchester City CM Deutschland 30 Ilkay Gündogan
84%
88 Manchester City LB Portugal 27 Joao Cancelo
84%
85 Juventus Turin CB Niederlande 21 Matthijs de Ligt
84%
85 Borussia Mönchengladbach GK Schweiz 32 Yann Sommer
84%
85 Paris Saint-Germain RW Argentinien 33 Angel di Maria
82%
86 SSC Neapel CB Senegal 30 Kalidou Koulibaly
82%
85 FC Bayern München LM Frankreich 25 Kingsley Coman
82%
85 Inter Mailand ST Argentinien 23 Lautaro Martinez
82%
86 Manchester United CM Frankreich 28 Paul Pogba
82%
85 FC Liverpool CF Brasilien 29 Roberto Firmino
82%
85 Atletico Madrid ST Frankreich 30 Antoine Griezmann
80%
86 FC Chelsea GK Senegal 29 Edouard Mendy
80%
85 Borussia Dortmund CAM Deutschland 32 Marco Reus
80%
85 FC Barcelona ST Gabun 32 Pierre-Emerick Aubameyang
78%
86 Manchester City CB Spanien 27 Aymeric Laporte
76%
87 FC Liverpool CDM Brasilien 27 Fabinho
76%
85 Manchester City RB England 31 Kyle Walker
76%
85 Lazio Rom CM Serbien 26 Sergej Milinkovic-Savic
76%
86 FC Liverpool CM Spanien 30 Thiago
76%
85 Juventus Turin CB Italien 34 Leonardo Bonucci
75%
85 FC Barcelona CF Niederlande 27 Memphis Depay
75%
85 Paris Saint-Germain CB Spanien 35 Sergio Ramos
75%
85 FC Liverpool CF Portugal 24 Diogo Jota
73%
85 Los Angeles FC CB Italien 36 Giorgio Chiellini
73%
85 WfL Wolfsburg GK Belgien 29 Koen Casteels
73%
85 AC Milan GK Frankreich 25 Mike Maignan
73%
86 Inter Mailand CB Slowakei 26 Milan Skriniar
73%
85 Manchester United CB Frankreich 28 Raphael Varane
71%
85 Inter Mailand GK Slowenien 36 Samir Handanovic
71%
85 FC Chelsea CM Italien 29 Jorginho
67%
85 Atletico Madrid CM Spanien 29 Koke
67%
85 RB Leipzig GK Ungarn 31 Peter Gulacsi
67%
86 Juventus Turin GK Polen 31 Wojciech Szczesny
67%
85 Inter Mailand CM Italien 24 Nicolo Barella
65%
86 FC Villareal CM Spanien 32 Daniel Parejo
63%
86 FC Villareal ST Spanien 29 Gerard Moreno
61%
85 Real Sociedad LW Spanien 24 Mikel Oyarzabal
59%
85 Betis Sevilla CAM Frankreich 27 Nabil Fekir
59%
85 Manchester United LW England 21 Jadon Sancho
53%
85 Atletico Madrid CM Spanien 26 Marcos Llorente
45%
Keine übereinstimmenden Quizze gefunden
Verteilung der Resultate
Anzahl Personen mit jedem Resultat
Perzentil nach korrekt beantworteten Fragen
Ihre Resultats-Entwicklung
Sie haben dieses Quiz noch nicht gespielt